[Event "CZE-chT2 9900"]
[Site "Czech Republic"]
[Date "2000.??.??"]
[Round "?"]
[White "Reznicek, Tomas"]
[Black "Kacirek, Petr"]
[Result "1-0"]
[WhiteElo "2257"]
[BlackElo "2284"]
[PlyCount "59"]
[EventDate "1999.??.??"]
[EventType "team"]
[EventRounds "11"]
[EventCountry "CZE"]
[SourceTitle "EXT 2001"]
[Source "ChessBase"]
[SourceDate "2000.11.22"]
[SourceVersion "1"]
[SourceVersionDate "2000.11.22"]
[SourceQuality "1"]

1. e4 e6 2. d4 d5 3. Nd2 b6 4. Ngf3 Nf6 5. exd5 Qxd5 6. Bc4 Qd8 7. 0-0 Bb7 8. Qe2 Be7 9. Ne5 Bd5 10. Bb5+ c6 11. Bd3 c5 12. dxc5 bxc5 13. Bb5+ Nbd7 14. c4 Bb7 15. Rd1 Qc7 16. Ndf3 Rd8 17. Nxd7 Nxd7 18. Ne5 Bd6 19. Nxd7 Rxd7 20. Bf4 Bc6 21. Bxd6 Rxd6 22. Rxd6 Qxd6 23. Rd1 Qc7 24. Qe4 Bxb5 25. Qa8+ Ke7 26. Qxh8 Bxc4 27. Qxh7 Qf4 28. Qxg7 Bxa2 29. Qc3 Qc7 30. Rc1 1-0

[Event "CZE-chT2 9900"]
[Site "Czech Republic"]
[Date "2000.??.??"]
[Round "?"]
[White "Reznicek, Tomas"]
[Black "Kucera, Petr"]
[Result "1-0"]
[WhiteElo "2257"]
[BlackElo "2364"]
[PlyCount "101"]
[EventDate "1999.??.??"]
[EventType "team"]
[EventRounds "11"]
[EventCountry "CZE"]
[SourceTitle "EXT 2001"]
[Source "ChessBase"]
[SourceDate "2000.11.22"]
[SourceVersion "1"]
[SourceVersionDate "2000.11.22"]
[SourceQuality "1"]

1. e4 e6 2. d4 d5 3. Nd2 Nf6 4. e5 Nfd7 5. Bd3 c5 6. c3 Nc6 7. Ne2 cxd4 8. cxd4 f6 9. exf6 Nxf6 10. 0-0 Bd6 11. Nf3 Qc7 12. Nc3 a6 13. Bg5 0-0 14. Bh4 Nh5 15. Bg3 Nf4 16. Ne2 Nxd3 17. Qxd3 Bd7 18. Rfe1 Rae8 19. Rac1 Qb8 20. Qd2 Kh8 21. Rc3 b5 22. Nc1 b4 23. Rce3 Ne7 24. Bxd6 Qxd6 25. Nd3 Nf5 26. Re5 a5 27. Nc5 Bc8 28. a3 bxa3 29. bxa3 Qb6 30. Qd3 h6 31. Rb1 Qc7 32. Re2 Rf6 33. Ne5 Kg8 34. Rc2 Qd6 35. Rcb2 Rd8 36. Rb8 Qf8 37. f3 Nd6 38. R1b6 Nc4 39. Nxc4 dxc4 40. Qxc4 Rf4 41. Nxe6 Bxe6 42. Qxe6+ Kh8 43. Qe5 Kh7 44. Rxd8 Qxd8 45. Rd6 Qf8 46. Rd7 Rf7 47. Rxf7 Qxf7 48. Qxa5 Qb3 49. Qf5+ Kg8 50. Qc8+ Kf7 51. Qc7+ 1-0

[Event "CZE-chT2 9900"]
[Site "Czech Republic"]
[Date "2000.??.??"]
[Round "?"]
[White "Reznicek, Tomas"]
[Black "Tichy, Vladimir"]
[Result "1-0"]
[WhiteElo "2257"]
[BlackElo "2345"]
[PlyCount "120"]
[EventDate "1999.??.??"]
[EventType "team"]
[EventRounds "11"]
[EventCountry "CZE"]
[SourceTitle "EXT 2001"]
[Source "ChessBase"]
[SourceDate "2000.11.22"]
[SourceVersion "1"]
[SourceVersionDate "2000.11.22"]
[SourceQuality "1"]

1. e4 e5 2. Nf3 Nc6 3. Bb5 a6 4. Bxc6 dxc6 5. d4 exd4 6. Qxd4 Bg4 7. Qxd8+ Rxd8 8. Nfd2 Be6 9. Nf1 Be7 10. Ng3 Nf6 11. Nc3 h5 12. Nge2 Bc4 13. f3 h4 14. Be3 h3 15. g3 Nd7 16. Kf2 Bf6 17. Rad1 Ne5 18. Rxd8+ Kxd8 19. Bd4 Be6 20. Rd1 Kc8 21. Nf4 Bd7 22. Nce2 g6 23. Nd3 Re8 24. Nc5 Re7 25. Bxe5 Bxe5 26. Nxd7 Rxd7 27. Rxd7 Kxd7 28. c3 b5 29. f4 Bd6 30. Kf3 c5 31. Ng1 c4 32. Nxh3 b4 33. e5 b3 34. axb3 Ba3 35. bxc4 Bxb2 36. Ke4 Bxc3 37. Kd3 Be1 38. Ng5 Ke7 39. Nf3 Bf2 40. g4 f6 41. exf6+ Kxf6 42. Kc3 Be3 43. Kb4 Bxf4 44. Ka5 Ke6 45. Kxa6 c6 46. Ka5 Kd6 47. Kb4 Be3 48. Kc3 Ke6 49. Kd3 Bf4 50. Ke4 Bb8 51. h3 Bg3 52. Nd4+ Kd6 53. Ne2 Bh2 54. Nf4 g5 55. Nd3 Bg1 56. Ne5 Kc5 57. Nf3 Bf2 58. Kd3 Kd6 59. Nxg5 Ke5 60. Nf7+ Kf4 1-0

[Event "CZE-chT2 9899"]
[Site "Czech Republic"]
[Date "1999.??.??"]
[Round "?"]
[White "Reznicek, Tomas"]
[Black "Bakalar, Petr"]
[Result "1/2-1/2"]
[WhiteElo "2295"]
[BlackElo "2320"]
[PlyCount "88"]
[EventDate "1998.??.??"]
[EventType "team"]
[EventRounds "11"]
[EventCountry "CZE"]
[SourceTitle "EXT 2000"]
[Source "ChessBase"]
[SourceDate "1999.11.16"]
[SourceVersion "1"]
[SourceVersionDate "1999.11.16"]
[SourceQuality "1"]

1. e4 c5 2. Nf3 Nc6 3. Bb5 a6 4. Bxc6 dxc6 5. d3 Bg4 6. Be3 e5 7. Nbd2 Bd6 8. h3 Be6 9. a4 f6 10. b3 b5 11. Qe2 Ne7 12. Nh2 0-0 13. f3 Ng6 14. Qf2 Nf4 15. 0-0 Qe7 16. Ra2 Bc8 17. Rfa1 Bb7 18. Nhf1 Rad8 19. Ng3 g6 20. Ne2 Kh8 21. Re1 Ne6 22. Nf1 Qc7 23. c3 Rd7 24. Rd1 Rfd8 25. axb5 axb5 26. Rad2 Be7 27. d4 cxd4 28. cxd4 exd4 29. Nxd4 Nxd4 30. Bxd4 c5 31. Bc3 Rxd2 32. Rxd2 b4 33. Rxd8+ Qxd8 34. Bd2 Qd3 35. Be3 Ba6 36. Nd2 Qc2 37. Nc4 Qxb3 38. Bxc5 Qxc4 39. Bxe7 Kg7 40. Qc5 Qxc5+ 41. Bxc5 b3 42. Bd4 Kf7 43. Kf2 Ke6 44. g4 f5 1/2-1/2

[Event "CZE-chT2 9899"]
[Site "Czech Republic"]
[Date "1999.??.??"]
[Round "?"]
[White "Reznicek, Tomas"]
[Black "Cesal, Jaroslav"]
[Result "1-0"]
[WhiteElo "2295"]
[BlackElo "2320"]
[PlyCount "125"]
[EventDate "1998.??.??"]
[EventType "team"]
[EventRounds "11"]
[EventCountry "CZE"]
[SourceTitle "EXT 2000"]
[Source "ChessBase"]
[SourceDate "1999.11.16"]
[SourceVersion "1"]
[SourceVersionDate "1999.11.16"]
[SourceQuality "1"]

1. e4 g6 2. d4 Bg7 3. Nc3 d6 4. Be2 Nc6 5. Nf3 Bg4 6. Be3 e5 7. dxe5 dxe5 8. Qxd8+ Rxd8 9. Nd5 Rd7 10. Bb5 f5 11. Bxc6 bxc6 12. Nc3 Ne7 13. Nd2 fxe4 14. Bxa7 e3 15. Nde4 exf2+ 16. Bxf2 0-0 17. 0-0 Nd5 18. Bc5 Rf4 19. a4 Nxc3 20. Nxc3 Rxf1+ 21. Rxf1 Rd8 22. Ne4 Bf5 23. Re1 Rd5 24. b4 Bc8 25. Nc3 Rd8 26. Rd1 Re8 27. Ne4 Bf5 28. Re1 Rd8 29. Kf2 Bf8 30. Bxf8 Rxf8 31. Kg3 Rd8 32. Nc5 Rd4 33. c3 Rg4+ 34. Kf2 Rf4+ 35. Kg1 Bc2 36. Rxe5 Rf8 37. a5 Kf7 38. Re2 Bf5 39. a6 Ra8 40. Kf2 Bc8 41. Ra2 Ra7 42. Ra1 Kf6 43. Ke3 Ke5 44. Rd1 Be6 45. Rd4 Bd5 46. g3 Ra8 47. c4 Bg2 48. Rd7 Bf1 49. Re7+ Kf6 50. Rxc7 Bxc4 51. Rxc6+ Kf5 52. Ne4 Bxa6 53. b5 Bxb5 54. Rc5+ Ke6 55. Rxb5 Ra2 56. h4 h6 57. Kf4 Ra1 58. Rb6+ Kf7 59. Rb7+ Kf8 60. Rh7 Ra4 61. h5 g5+ 62. Kf5 Ra5+ 63. Kg6 1-0

[Event "CZE-chT2 9899"]
[Site "Czech Republic"]
[Date "1999.??.??"]
[Round "?"]
[White "Reznicek, Tomas"]
[Black "Moravec, Michal"]
[Result "1-0"]
[WhiteElo "2295"]
[BlackElo "2235"]
[PlyCount "53"]
[EventDate "1998.??.??"]
[EventType "team"]
[EventRounds "11"]
[EventCountry "CZE"]
[SourceTitle "EXT 2000"]
[Source "ChessBase"]
[SourceDate "1999.11.16"]
[SourceVersion "1"]
[SourceVersionDate "1999.11.16"]
[SourceQuality "1"]

1. e4 d6 2. d4 g6 3. Nc3 Bg7 4. f4 Nf6 5. Nf3 0-0 6. Bd3 Nc6 7. d5 Nb4 8. Be2 e5 9. fxe5 dxe5 10. Bg5 h6 11. Bh4 g5 12. Bf2 Re8 13. Qd2 Bg4 14. a3 a5 15. h4 gxh4 16. 0-0-0 c6 17. d6 Na6 18. Be3 Re6 19. Nxh4 Bf8 20. Bxg4 Nxg4 21. Nf5 Nxe3 22. Qxe3 Qg5 23. Qxg5+ hxg5 24. Rh5 Rg6 25. Rdh1 f6 26. Rh8+ Kf7 27. R1h7+ 1-0